कई चीजें / (Record no. 116190)

MARC details
000 -LEADER
fixed length control field 00899nam a22002537a 4500
005 - DATE AND TIME OF LATEST TRANSACTION
control field 20170124103035.0
010 ## - LIBRARY OF CONGRESS CONTROL NUMBER
LC control number A-776365
020 ## - INTERNATIONAL STANDARD BOOK NUMBER
Terms of availability 40.00
International Standard Book Number 8185469547
035 ## - SYSTEM CONTROL NUMBER
System control number A-776365
037 ## - SOURCE OF ACQUISITION
Source of stock number/acquisition Cen Lib/Ret
040 ## - CATALOGING SOURCE
Original cataloging agency DPL
Language of cataloging HN
082 ## - DEWEY DECIMAL CLASSIFICATION NUMBER
Classification number 821
Item number सहग
100 ## - MAIN ENTRY--PERSONAL NAME
Personal name सहगल, सत्यपाल
9 (RLIN) 65263
245 ## - TITLE STATEMENT
Title कई चीजें /
Statement of responsibility, etc सत्यपाल सहगल
246 ## - VARYING FORM OF TITLE
Title proper/short title Kai cheejain /
Remainder of title by Satyapal Sehgal
260 ## - PUBLICATION, DISTRIBUTION, ETC. (IMPRINT)
Place of publication, distribution, etc पंचकुला
Name of publisher, distributor, etc आधार प्रकाशन
Date of publication, distribution, etc 1995
270 ## - ADDRESS
Address 372 / सेक्टर-17
City पंचकुला
300 ## - PHYSICAL DESCRIPTION
Extent 104पृ.
Dimensions 21सेमी (सजिल्द)
650 ## - SUBJECT ADDED ENTRY--TOPICAL TERM
Topical term or geographic name as entry element हिन्दी साहित्य
9 (RLIN) 65264
650 ## - SUBJECT ADDED ENTRY--TOPICAL TERM
Topical term or geographic name as entry element कविताएं
9 (RLIN) 65265
650 ## - SUBJECT ADDED ENTRY--TOPICAL TERM
Topical term or geographic name as entry element Hindi literature
9 (RLIN) 65266
650 ## - SUBJECT ADDED ENTRY--TOPICAL TERM
Topical term or geographic name as entry element Poetry
9 (RLIN) 65267
942 ## - ADDED ENTRY ELEMENTS (KOHA)
Source of classification or shelving scheme Dewey Decimal Classification
Koha item type Hindi Books
Classification part 821
Call number suffix सहग
Holdings
Withdrawn status Lost status Damaged status Not for loan Home library Current library Date acquired Source of acquisition Cost, normal purchase price Total Checkouts Full call number Barcode Date last seen Copy number Cost, replacement price Price effective from Koha item type
        Central Library Central Library 22/08/2015 Cen Lib/Ret 40.00   821 सहग A-776365 22/08/2015 1 40.00 22/08/2015 Hindi Books

© Delhi Public Library
Hit Counter
free hit counter